| 000 | 00000nam 2200000zi 4500 |
| 001 | 9.954247 |
| 003 | CaOODSP |
| 005 | 20250820105835 |
| 006 | m o d f |
| 007 | cr mn |||||||| |
| 008 | 250819e20240918oncd obs f000 0 fre d |
| 040 | |aCaOODSP|bfre|erda|cCaOODSP |
| 043 | |an-cn--- |
| 086 | 1 |aCS82-003/2024-9-1F-PDF |
| 100 | 1 |aChristopher, Gabriella, |eauteur. |
| 245 | 10|aDifférences entre les professions et les sexes en matière de navettage actif chez les travailleurs canadiens de 2006 à 2016 / |cpar Gabriella Christopher, Aviroop Biswas, Justin J. Lang et Stephanie A. Prince. |
| 264 | 1|a[Ottawa] : |bStatistique Canada = Statistics Canada, |cle 18 septembre 2024. |
| 264 | 4|c©2024 |
| 300 | |a1 ressource en ligne (16 pages) : |bgraphiques. |
| 336 | |atexte|btxt|2rdacontent/fre |
| 337 | |ainformatique|bc|2rdamedia/fre |
| 338 | |aressource en ligne|bcr|2rdacarrier/fre |
| 490 | 1 |aRapports sur la santé, |x1209-1375 ; |vvol. 35, no. 9, [1] |
| 500 | |aPublié aussi en anglais sous le titre : Occupational and sex differences in active commuting among Canadian workers from 2006 to 2016. |
| 504 | |aComprend des références bibliographiques (pages 15-16). |
| 650 | 6|aMigrations alternantes|zCanada|vStatistiques. |
| 655 | 7|aStatistiques|2rvmgf |
| 710 | 2 |aStatistique Canada, |eorganisme de publication. |
| 775 | 08|tOccupational and sex differences in active commuting among Canadian workers from 2006 to 2016 / |w(CaOODSP)9.954246 |
| 830 | #0|aRapports sur la santé (Collection)|x1209-1375 ; |vvol. 35, no. 9, [1].|w(CaOODSP)9.950257 |
| 856 | 40|qPDF|s1.80 Mo|uhttps://publications.gc.ca/collections/collection_2025/statcan/82-003-x/CS82-003-2024-9-1-fra.pdf |
| 856 | 41|qHTML|sS.O.|uhttps://www150.statcan.gc.ca/n1/pub/82-003-x/2024009/article/00001-fra.htm |